<?xml version="1.0" encoding="UTF-8"?><?xml-stylesheet type="text/xsl" href="static/style.xsl"?><OAI-PMH xmlns="http://www.openarchives.org/OAI/2.0/" xmlns:xsi="http://www.w3.org/2001/XMLSchema-instance" xsi:schemaLocation="http://www.openarchives.org/OAI/2.0/ http://www.openarchives.org/OAI/2.0/OAI-PMH.xsd"><responseDate>2026-04-17T15:49:43Z</responseDate><request verb="GetRecord" identifier="oai:www.recercat.cat:2445/222654" metadataPrefix="marc">https://recercat.cat/oai/request</request><GetRecord><record><header><identifier>oai:recercat.cat:2445/222654</identifier><datestamp>2025-12-10T01:10:09Z</datestamp><setSpec>com_2072_1057</setSpec><setSpec>col_2072_478917</setSpec><setSpec>col_2072_478932</setSpec></header><metadata><record xmlns="http://www.loc.gov/MARC21/slim" xmlns:dcterms="http://purl.org/dc/terms/" xmlns:xsi="http://www.w3.org/2001/XMLSchema-instance" xmlns:doc="http://www.lyncode.com/xoai" xsi:schemaLocation="http://www.loc.gov/MARC21/slim http://www.loc.gov/standards/marcxml/schema/MARC21slim.xsd">
   <leader>00925njm 22002777a 4500</leader>
   <datafield ind2=" " ind1=" " tag="042">
      <subfield code="a">dc</subfield>
   </datafield>
   <datafield ind2=" " ind1=" " tag="720">
      <subfield code="a">Suárez Soto, Elizabeth</subfield>
      <subfield code="e">author</subfield>
   </datafield>
   <datafield ind2=" " ind1=" " tag="720">
      <subfield code="a">Pereda Beltran, Noemí</subfield>
      <subfield code="e">author</subfield>
   </datafield>
   <datafield ind2=" " ind1=" " tag="720">
      <subfield code="a">Guilera Ferré, Georgina</subfield>
      <subfield code="e">author</subfield>
   </datafield>
   <datafield ind2=" " ind1=" " tag="260">
      <subfield code="c">2025-07-29T10:03:36Z</subfield>
   </datafield>
   <datafield ind2=" " ind1=" " tag="260">
      <subfield code="c">2025-07-29T10:03:36Z</subfield>
   </datafield>
   <datafield ind2=" " ind1=" " tag="260">
      <subfield code="c">2022-11-01</subfield>
   </datafield>
   <datafield ind2=" " ind1=" " tag="260">
      <subfield code="c">2025-07-29T10:03:36Z</subfield>
   </datafield>
   <datafield ind2=" " ind1=" " tag="520">
      <subfield code="a">[eng] &#xd;
Background. The COVID-19 pandemic and its related&#xd;
containment measures, mainly physical distancing and isolation,&#xd;
are having detrimental consequences on the mental health of&#xd;
the juvenile infant population worldwide.&#xd;
Objective. The objective was to identify those&#xd;
sociodemographic variables, victimization and resilience&#xd;
associated with suicidal behavior in Spanish adolescents&#xd;
since the beginning of the pandemic.&#xd;
Method. The sample was comprised by 163 adolescents,&#xd;
aged 14 to 17 years (M = 15.81; SD = 1.03). Participants&#xd;
completed The DetectaWeb-Distress scale, the Juvenile&#xd;
Victimization Questionnaire, and the Adolescent Resilience&#xd;
Questionnaire for assessment of suicidality, victimization&#xd;
and resilience, respectively.&#xd;
Results. 20.8% of the total participants expressed having&#xd;
thought about taking their own lives since the beginning&#xd;
of the confinement. Another 22.6% expressed having&#xd;
thought of some form or method to kill themselves. Finally,&#xd;
7.4% expressed having tried to kill themselves. Victims of&#xd;
psychological abuse were five times more likely to present&#xd;
suicidal behavior and, on the contrary, to receive support&#xd;
from the environment confirmed resistance to suicide.&#xd;
Conclusions. This study offers preliminary evidence that&#xd;
the COVID-19 pandemic may be contributing to suicidal&#xd;
behaviors in Spanish adolescents. Although it is still too early&#xd;
to safely recognize the deep footprint of the pandemic in&#xd;
different areas and, in particular, in self-caused death, it is&#xd;
unquestionable that the health crisis has revealed the urgent&#xd;
need to design and implement suicide prevention plans.</subfield>
   </datafield>
   <datafield ind2=" " ind1=" " tag="520">
      <subfield code="a">[spa] &#xd;
Introducción.  La  pandemia  derivada  del  SARS-CoV-2  y  sus  medidas  de  contención,  principalmente  el  distanciamiento  físico   y   el   aislamiento,   están   teniendo   consecuencias   perjudiciales   para   la   salud   mental   de   la   población   infantojuvenil en todo el mundo. Objetivo.   El   objetivo   fue   identificar   aquellas   variables   sociodemográficas, de victimización y de resiliencia asociadas con la conducta suicida en adolescentes españoles desde el inicio de la pandemia. Metodología.  La  muestra  la  configuran  163  adolescentes,  de  14  a  17  años  (M  =  15,81;  DT  =  1,03).  Los  participantes  completaron   la   escala   DetectaWeb-Distress,   el   Juvenile   Victimization   Questionnaire   y   el   Adolescent   Resilience   Questionnaire para la evaluación de la tendencia al suicidio, la victimización y la resiliencia, respectivamente. Resultados. Un 20,8% del total de participantes expresaron haber  pensado  en  quitarse  la  vida  desde  el  inicio  del  confinamiento. Otro 22,6% expresó haber pensado en algún método  para  hacerlo.  Por  último,  un  7,4%  expresó  haber  intentado  quitarse  la  vida.  Las  víctimas  de  victimización  psicológica   tuvieron   cinco   veces   más   posibilidades   de   presentar conducta suicida y, por el contrario, recibir apoyo del entorno confirió resistencia ante el suicidio. Conclusiones.  Este  estudio  ofrece  evidencia  preliminar  de  que  la  pandemia  COVID-19  puede  estar  contribuyendo  a  la  conducta  suicida  en  adolescentes  españoles.  Si  bien  aún  es  pronto  para  reconocer  con  seguridad  la  profunda  huella de  la  pandemia  en  diferentes  ámbitos  y,  en  particular,  en  las  muertes  autoprovocadas,  es  incuestionable  que  la  crisis  de  salud  ha  revelado  la  urgente  necesidad  de  diseñar  e  implementar planes de prevención del suicidio.</subfield>
   </datafield>
   <datafield tag="653" ind2=" " ind1=" ">
      <subfield code="a">Conducta suïcida</subfield>
   </datafield>
   <datafield tag="653" ind2=" " ind1=" ">
      <subfield code="a">Adolescents</subfield>
   </datafield>
   <datafield tag="653" ind2=" " ind1=" ">
      <subfield code="a">Espanya</subfield>
   </datafield>
   <datafield tag="653" ind2=" " ind1=" ">
      <subfield code="a">Pandèmia de COVID-19, 2020-2023</subfield>
   </datafield>
   <datafield tag="653" ind2=" " ind1=" ">
      <subfield code="a">Suicidal behavior</subfield>
   </datafield>
   <datafield tag="653" ind2=" " ind1=" ">
      <subfield code="a">Teenagers</subfield>
   </datafield>
   <datafield tag="653" ind2=" " ind1=" ">
      <subfield code="a">Spain</subfield>
   </datafield>
   <datafield tag="653" ind2=" " ind1=" ">
      <subfield code="a">COVID-19 Pandemic, 2020- 2023</subfield>
   </datafield>
   <datafield ind2="0" ind1="0" tag="245">
      <subfield code="a">Suicidal ideation and behaviour in Spanish adolescents during the COVID-19 pandemic: an exploratory study</subfield>
   </datafield>
   <datafield ind2="0" ind1="0" tag="245">
      <subfield code="a">Ideación y conducta suicida en adolescentes españoles durante la pandemia COVID-19: Un estudio exploratorio</subfield>
   </datafield>
</record></metadata></record></GetRecord></OAI-PMH>